<?xml version="1.0" encoding="UTF-8"?>
<record
    xmlns:xsi="http://www.w3.org/2001/XMLSchema-instance"
    xsi:schemaLocation="http://www.loc.gov/MARC21/slim http://www.loc.gov/standards/marcxml/schema/MARC21slim.xsd"
    xmlns="http://www.loc.gov/MARC21/slim">

  <leader>04611nam a2200505 a 4500</leader>
  <controlfield tag="001">dia_3761</controlfield>
  <controlfield tag="003">CHAP</controlfield>
  <controlfield tag="005">20250814112323.0</controlfield>
  <controlfield tag="007">ta</controlfield>
  <controlfield tag="008">220117s2000    mx bde frm    001 0 spa d</controlfield>
  <datafield tag="010" ind1=" " ind2=" ">
    <subfield code="a">174353</subfield>
  </datafield>
  <datafield tag="040" ind1=" " ind2=" ">
    <subfield code="c">CHAP</subfield>
    <subfield code="a">mxchpua</subfield>
    <subfield code="e">rda</subfield>
  </datafield>
  <datafield tag="041" ind1="0" ind2=" ">
    <subfield code="a">spa</subfield>
    <subfield code="b">eng</subfield>
  </datafield>
  <datafield tag="090" ind1=" " ind2=" ">
    <subfield code="a">Tesis </subfield>
    <subfield code="b">A38 </subfield>
    <subfield code="c">2000</subfield>
  </datafield>
  <datafield tag="100" ind1="1" ind2=" ">
    <subfield code="a">Aguirre Camacho, Jos&#xE9;</subfield>
  </datafield>
  <datafield tag="245" ind1="1" ind2="0">
    <subfield code="a">Establecimiento de un beneficio h&#xFA;medo de caf&#xE9;, en la comunidad de Palma Buenos Aires, Misantla, Veracruz /</subfield>
    <subfield code="c">Jos&#xE9; Aguirre Camacho y Marcelino Alvarado Salvador</subfield>
  </datafield>
  <datafield tag="264" ind1=" " ind2=" ">
    <subfield code="a">Chapingo, M&#xE9;xico :</subfield>
    <subfield code="b">El autor,</subfield>
    <subfield code="c">2000</subfield>
  </datafield>
  <datafield tag="300" ind1=" " ind2=" ">
    <subfield code="a">vi, 90 hojas :</subfield>
    <subfield code="b">mapas, gr&#xE1;ficas, diagramas, tablas, planos</subfield>
  </datafield>
  <datafield tag="336" ind1=" " ind2=" ">
    <subfield code="2">rdacontent</subfield>
    <subfield code="a">texto</subfield>
    <subfield code="b">txt</subfield>
  </datafield>
  <datafield tag="337" ind1=" " ind2=" ">
    <subfield code="2">rdamedia</subfield>
    <subfield code="a">no mediado</subfield>
    <subfield code="b">n</subfield>
  </datafield>
  <datafield tag="338" ind1=" " ind2=" ">
    <subfield code="2">rdacarrier</subfield>
    <subfield code="a">volumen</subfield>
    <subfield code="b">nc</subfield>
  </datafield>
  <datafield tag="500" ind1=" " ind2=" ">
    <subfield code="a">Los planos est&#xE1;n incluidos en el reporte.</subfield>
  </datafield>
  <datafield tag="502" ind1=" " ind2=" ">
    <subfield code="a">Tesis </subfield>
    <subfield code="b">(Ingeniero Agroindustrial) -- </subfield>
    <subfield code="c">UACh. Departamento de Ingenier&#xED;a Agroindustrial, </subfield>
    <subfield code="d">2000</subfield>
  </datafield>
  <datafield tag="504" ind1=" " ind2=" ">
    <subfield code="a">Bibligraf&#xED;a: hojas 89-90</subfield>
  </datafield>
  <datafield tag="505" ind1="0" ind2=" ">
    <subfield code="a">3 planos --
1. Plano de distribuci&#xF3;n de &#xE1;reas --
2. Plano de distribuci&#xF3;n de equipo (Planta baja) --
3. Plano de distribuci&#xF3;n de equipo (Planta alta) </subfield>
  </datafield>
  <datafield tag="520" ind1="3" ind2=" ">
    <subfield code="a">Debido a que los cafeticultores de la comunidad La Palma Buenos Aires, Misantla, Veracruz, presentan dificultades para acceder a los financiamientos y apoyos por parte del Estado por la falta de organizaci&#xF3;n y a que el procesamiento de su caf&#xE9; cereza les generar&#xED;a valor agregado y evitar&#xED;a la venta a los intermediarios, se realiz&#xF3; un estudio para determinar la factibilidad del establecimiento de un beneficio h&#xFA;medo de caf&#xE9; para estos productores. Las condiciones en que se desarrollar&#xE1; el proyecto son: el 54% de la materia prima ser&#xE1; aportada por los socios y el 46% se pretende captar en las comunidades aleda&#xF1;as, a trav&#xE9;s de centros de acopio; se usar&#xE1; equipo orientado al bajo consumo de agua; el monto de la inversi&#xF3;n fija y diferida ser&#xE1; de $146,087, donde el 50% del costo del equipo principal se cubrir&#xE1; con apoyos del "Programa Alianza para el Campo"; el capital de trabajo es de $22,315.00 y ser&#xE1; aportado por los socios,; la inversi&#xF3;n por socio es de $5,292.00 Los factores de riesgo m&#xE1;s importantes para el proyecto son los vol&#xFA;menes de materia prima a captar, la organizaci&#xF3;n social, la adquisici&#xF3;n del apoyo a trav&#xE9;s del "Programa Alianza para el Campo" y los m&#xE1;rgenes de ingreso. El proyecto es viable en las condiciones que se pretende desarrollar, presentando una tasa de rentabilidad de 15%. --</subfield>
  </datafield>
  <datafield tag="520" ind1="3" ind2=" ">
    <subfield code="a">Due the coffee producers from La Palma Buenos Aires, Misantla Veracruz, had difficult to the financing and from the state support for lacking of organization. Besides, the coffee procesing could generate aggregated value and avoid the selling to the intermediates. For determining an establishment of the coffee humid benefit studious were realized. The condition were the proyect would be developed are: 54% of coffee from productives may get and 46% would be gotten from other communities although store point; Would be used equipment in focus of low use up of water; the differ and fixed investment would be about $146,087.00 where the 50% the cost of principal equipment might be paid for the program named "Alianza Para el Campo", the working capital required is about $22,315.00 this might be gotten from producer members; the investment per producer would be about $5,292.00. The most important risks for the proyect are: the coffee have to get, the social organization, the support obtained from the program named "Alianza Para el Campo" and the income margin. The proyect was determined as feasible, under conditions which were developed, showing a financial rentability race of 15%.&#xA0;</subfield>
  </datafield>
  <datafield tag="650" ind1="1" ind2="3">
    <subfield code="a">Desarrollo comunitario</subfield>
    <subfield code="z">M&#xE9;xico</subfield>
    <subfield code="z">Veracruz  </subfield>
    <subfield code="2">atg</subfield>
  </datafield>
  <datafield tag="650" ind1="1" ind2="3">
    <subfield code="a">Semillas de caf&#xE9;</subfield>
    <subfield code="x">Financiamiento  </subfield>
    <subfield code="2">atg</subfield>
  </datafield>
  <datafield tag="650" ind1="1" ind2="3">
    <subfield code="a">Semillas de caf&#xE9;</subfield>
    <subfield code="x">Iniciativa empresarial  </subfield>
    <subfield code="2">atg</subfield>
  </datafield>
  <datafield tag="650" ind1="1" ind2="3">
    <subfield code="a">Coffee beans</subfield>
    <subfield code="x">Entrepreneurship  </subfield>
    <subfield code="2">atg</subfield>
  </datafield>
  <datafield tag="650" ind1="1" ind2="3">
    <subfield code="a">Coffee beans</subfield>
    <subfield code="x">Funding  </subfield>
    <subfield code="2">atg</subfield>
  </datafield>
  <datafield tag="650" ind1="1" ind2="3">
    <subfield code="a">Community development</subfield>
    <subfield code="z">Mexico</subfield>
    <subfield code="z">Veracruz</subfield>
    <subfield code="2">atg</subfield>
  </datafield>
  <datafield tag="700" ind1="1" ind2=" ">
    <subfield code="a">Alvarado Salvador, Marcelino</subfield>
    <subfield code="e">autor</subfield>
  </datafield>
  <datafield tag="700" ind1="1" ind2=" ">
    <subfield code="a">Santoyo Cort&#xE9;s, Vinicio Horacio</subfield>
    <subfield code="e">director</subfield>
  </datafield>
  <datafield tag="700" ind1="1" ind2=" ">
    <subfield code="a">Espinosa Solares, Teodoro</subfield>
    <subfield code="e">asesor</subfield>
  </datafield>
  <datafield tag="700" ind1="1" ind2=" ">
    <subfield code="a">P&#xE9;rez Pelayo, Fernando</subfield>
    <subfield code="e">asesor</subfield>
  </datafield>
  <datafield tag="856" ind1="4" ind2="1">
    <subfield code="u">http://10.13.5.2/tesis/2000_Aguirre_Camacho_Jose_Tesis.pdf</subfield>
    <subfield code="y">Descargar PDF</subfield>
  </datafield>
  <datafield tag="901" ind1=" " ind2=" ">
    <subfield code="a">TESIS A38 2000</subfield>
  </datafield>
  <datafield tag="902" ind1=" " ind2=" ">
    <subfield code="a">M</subfield>
  </datafield>
  <datafield tag="905" ind1=" " ind2=" ">
    <subfield code="a">5232272000                          mx mbe 8223123322spa16</subfield>
  </datafield>
  <datafield tag="942" ind1=" " ind2=" ">
    <subfield code="c">TESIS</subfield>
    <subfield code="2">Clasificaci&#xF3;n Universidad Aut&#xF3;noma Chapingo</subfield>
  </datafield>
  <datafield tag="999" ind1=" " ind2=" ">
    <subfield code="c">174353</subfield>
    <subfield code="d">174353</subfield>
  </datafield>
  <datafield tag="952" ind1=" " ind2=" ">
    <subfield code="0">0</subfield>
    <subfield code="1">0</subfield>
    <subfield code="2">local</subfield>
    <subfield code="4">0</subfield>
    <subfield code="5">5</subfield>
    <subfield code="7">0</subfield>
    <subfield code="8">TESIS</subfield>
    <subfield code="a">IA_</subfield>
    <subfield code="b">IA_</subfield>
    <subfield code="e">El autor</subfield>
    <subfield code="l">0</subfield>
    <subfield code="o">Tesis A38 2000</subfield>
    <subfield code="p">1101009546</subfield>
    <subfield code="r">2026-02-02 00:00:00</subfield>
    <subfield code="t">Ej. 2</subfield>
    <subfield code="y">TESIS</subfield>
  </datafield>
  <datafield tag="952" ind1=" " ind2=" ">
    <subfield code="0">0</subfield>
    <subfield code="1">0</subfield>
    <subfield code="2">local</subfield>
    <subfield code="4">0</subfield>
    <subfield code="5">1</subfield>
    <subfield code="7">0</subfield>
    <subfield code="8">TESIS</subfield>
    <subfield code="a">IA_</subfield>
    <subfield code="b">IA_</subfield>
    <subfield code="e">El autor</subfield>
    <subfield code="l">0</subfield>
    <subfield code="o">Tesis A38 2000</subfield>
    <subfield code="p">1101009545</subfield>
    <subfield code="r">2026-02-02 00:00:00</subfield>
    <subfield code="t">Ej. 1</subfield>
    <subfield code="y">TESIS</subfield>
  </datafield>
  <datafield tag="952" ind1=" " ind2=" ">
    <subfield code="0">0</subfield>
    <subfield code="1">0</subfield>
    <subfield code="2">local</subfield>
    <subfield code="4">0</subfield>
    <subfield code="7">0</subfield>
    <subfield code="8">TesDigL</subfield>
    <subfield code="a">IA_</subfield>
    <subfield code="b">IA_</subfield>
    <subfield code="c">E_L</subfield>
    <subfield code="d">2025-08-07</subfield>
    <subfield code="e">El autor</subfield>
    <subfield code="l">0</subfield>
    <subfield code="p">1201009545</subfield>
    <subfield code="r">2025-08-07 18:33:14</subfield>
    <subfield code="w">2025-08-07</subfield>
    <subfield code="y">TD</subfield>
  </datafield>
</record>
